000 00367pab a2200145 454500
008 180718b1990 xxu||||| |||| 00| 0 eng d
100 _aSahay, Vikant
245 _aStates with special stutus
_bA case study of Jammu & Kashmir
260 _c1990
300 _a20-2
362 _a28 Jul.
650 _aConsitutional Law - India
773 _aMainstream
909 _a6623
999 _c6623
_d6623